000 00440cam a2200181 4500
001 D7544
008 090401t1977 xxu||||| |||| 00| 0 eng d
035 _a(Sirsi) u7926
041 _aeng
050 _a333.77
100 _aNewell, Martin
245 3 _aAn introduction to the economics of urban land use
260 _aLondon
_bEstates Gazette
_c1977
300 _aix. 349p. 22cm
350 _a4.75
942 _n0
948 _c04/03/1997
999 _c86459
_d86459